| 000 | 00375nam a2200157Ia 4500 | ||
|---|---|---|---|
| 003 | 0STCL | ||
| 008 | 150530s9999 xx 000 0 und d | ||
| 040 |
_aSTCL _cSTCL |
||
| 100 | _aShakespeare; Norman; Editor | ||
| 245 | _aShakespeare: King Henry the fourth Part II | ||
| 260 | _c1924 | ||
| 546 | _aEnglish | ||
| 942 |
_2ddc _cBK |
||
| 999 |
_c55376 _d55376 |
||
| 005 | 20220125170951.0 | ||